000 00337nam a2200157Ia 4500
100 _aClocksin W F/ Mellish C.S.
250 _a3
942 _cBK
654 _aComputer
245 _aProgramming in Prolog
260 _bSpringer Verlag
_aBombay
_c1987
082 _a5.133
_bCLO
300 _a281
546 _aENGLISH
999 _c24806
_d24806